| 000 | 00950pam a2200253 a 4500 | ||
|---|---|---|---|
| 005 | 20131028043547.0 | ||
| 008 | 930805s1993 nyu b 001 0 eng | ||
| 020 | _z0876091567 : | ||
| 041 | _aeng | ||
| 080 | _a323.1 | ||
| 100 | 1 | _aGottlieb, Gidon. | |
| 245 | 1 | 0 |
_aNation against state : _cGidon Gottlieb. |
| 260 |
_aNew York : _bCouncil on Foreign Relations Press, _cc1993. |
||
| 300 |
_axiii, 148 p. ; _c21 cm. |
||
| 500 | _aPreface : f. VII-VIII | ||
| 500 | _a"Council on Foreign Relations books"--T.p. verso. | ||
| 504 | _aIncludes bibliographical references (p. 137-139) and index. | ||
| 650 | _aLëvizjet kombëtare | ||
| 651 | 0 |
_aEurope _xHistoria _xLëvizjet nacional-Çlirimtare |
|
| 651 | 0 |
_aAsia, Central _xHistoria _xLëvizjet nacional-Çlirimtare |
|
| 651 | 0 |
_aEurope _xMarrëdhënet etnike |
|
| 651 | 0 |
_aAsia, Central _xMarrëdhënet etnike |
|
| 942 |
_2udc _cBK |
||
| 999 |
_c154 _d154 |
||